000
00275nam a22001217a 4500
999
_c
534300
_d
534300
040
_c
MSOHAIL
082
_a
891.4393
100
_a
Saadat Hasan Manto
_9
28192
245
_a
Sarkandon Ke Peeche
260
_a
Lahore
_b
Sang-e-Meel
_c
c2008
300
_a
150;p
942
_2
ddc
_c
BK